| 000 | 01159njm a22002657a 4500 | ||
|---|---|---|---|
| 005 | 20100903122040.0 | ||
| 006 | a|||||r|||||00| 0 | ||
| 007 | sd ammalaaahaa | ||
| 008 | 100903t xxu||||| |||| 00| 0 eng d | ||
| 028 |
_aFT-21012 _bThe Twin |
||
| 035 | _aGR-00429 | ||
| 040 |
_aSED _cSED |
||
| 100 |
_917690 _a Day,Manna |
||
| 245 |
_aPyaasa / _cby Manna Day ; music by S D Burman ; lyric by Sahir _h[Sound Recording] : |
||
| 246 | _aजिन्हे नाज़ है हिंद पर -2 प्यासा /मन्ना डे द्वारा | ||
| 260 |
_aDum Dum India _bThe Twin _cn.d. |
||
| 300 |
_a1 sound disc (Gramophone Recording) _banalog 33 1/3 rpm _c9.5 in. (MP) _fGramophone Record |
||
| 500 | _aBrief Record | ||
| 505 | _aSide -१ज्ञिन्हेय नाज़ है हिंद पर -२ प्यासा ( jinhey naaz hai hind par-2 Pyaasa) ( Manna Day) | ||
| 650 |
_a Classical Music _xExcerpts _zIndia _917691 |
||
| 700 |
_918044 _aBurman, S D |
||
| 700 |
_918068 _aSahir |
||
| 942 |
_2ddc _cGR |
||
| 999 |
_c43654 _d43654 |
||